000 00588nam a2200217Ia 4500
005 20241129120233.0
008 241129s9999||||xx |||||||||||||| ||und||
020 _a9789354352812
037 _aTB
040 _aSDCL
_beng
_cSDCL
041 _aeng
_2eng
084 _aW:2, R1
_qSDCL
100 _aKevin Y L Tan
_9729494
245 0 _aConstitutional foundings in south asia
260 _aNew Delhi
_bOxford University Press India
_c2021
300 _axii,268p.
365 _aINR
_b699
650 _aPolitical Science
942 _cTB
_hW:2, R1
999 _c1233945
_d1233945